Library of the University of Algiers 3
Ibrahim Sultan Cheibout
شعار جامعة الجزائر 3
مكتبة جامعة الجزائر 3
إبراهيم سلطان شيبوط

محاسبة الضرائب : (رقم التسجيلة. 43644)

تفاصيل مارك
000 -LEADER
fixed length control field 02041nam a2200277Ia 4500
003 - CONTROL NUMBER IDENTIFIER
control field Ost
005 - DATE AND TIME OF LATEST TRANSACTION
control field 20260507075244.0
008 - FIXED-LENGTH DATA ELEMENTS--GENERAL INFORMATION
fixed length control field 260507s9999||||xx |||||||||||||| ||und||
040 ## - CATALOGING SOURCE
Transcribing agency fsecg
041 ## - LANGUAGE CODE
Language code of text/sound track or separate title ara
082 ## - DEWEY DECIMAL CLASSIFICATION NUMBER
Classification number 330
100 ## - MAIN ENTRY--PERSONAL NAME
Personal name ابو نصار، محمد
Relator term مؤلف
245 #0 - TITLE STATEMENT
Title محاسبة الضرائب :
Remainder of title بين النظرية و التطبيق ( ضريبة الدخل و ضريبة المبيعات في الاردن ) /
Statement of responsibility, etc. محمد ابو نصار
250 ## - EDITION STATEMENT
Edition statement طبعة 3
260 ## - PUBLICATION, DISTRIBUTION, ETC.
Place of publication, distribution, etc. عمان:
Name of publisher, distributor, etc. مطابع الدستور التجارية,
Date of publication, distribution, etc. 2005
300 ## - PHYSICAL DESCRIPTION
Extent 498 صفحة؛
Other physical details إيضاحات ؛
Dimensions 24 سم
504 ## - BIBLIOGRAPHY, ETC. NOTE
Bibliography, etc. note مراجع ص.509
520 ## - SUMMARY, ETC.
Summary, etc. التعريف بالضريبة و خصائصها ، مدخل لقانون ضريبة الدخل في الاردن ، مصادر الدخل الخاضعة للضريبة و المعفاة منها، نفقات العمل المقبولة و غير المقبولة ضريبيا ، الاحكام العامة ،النواحي الاجرائية لقانون ضريبة الدخل ، ضريبة الدخل على الرواتب و الاجور ، مدخل لاجراءات التقدير على مختلف المكلفين -المكلفون الذين لا يمسكون حسابات أصولية - ، قطاع شركات الاشخاص ، قطاع الشركات التجارية و الصناعية ، قطاع شركات المقاولات ، قطاع الصرافة و الوساطة ، قطاع شركات التأمين ، القطاع المصرفي و المالي و الشركات التي تقبل الودائع ، المعالجة المحاسبية و القانونية لضريبة المبيعات .
653 ## - INDEX TERM--UNCONTROLLED
Uncontrolled term الضرائب
653 ## - INDEX TERM--UNCONTROLLED
Uncontrolled term المحاسبة الضريبية- الأردن
653 ## - INDEX TERM--UNCONTROLLED
Uncontrolled term ضريبة الدخل- الأردن
653 ## - INDEX TERM--UNCONTROLLED
Uncontrolled term محاسبة
700 ## - ADDED ENTRY--PERSONAL NAME
Personal name الشهوان، فراس عطا الله
Relator term مؤلف ثانوي
700 ## - ADDED ENTRY--PERSONAL NAME
Personal name المشاعلة، محفوظ
Relator term مؤلف ثانوي
942 ## - ADDED ENTRY ELEMENTS (KOHA)
Koha item type كتب
المقتنيات
Withdrawn status Lost status Source of classification or shelving scheme Damaged status Not for loan Home library Current library Date acquired Serial enumeration / chronology Inventory number Total checkouts Full call number Barcode Date last seen Price effective from Koha item type
    Dewey Decimal Classification   NOT LOAN / إعارة داخلية مكتبة كلية العلوم الإقتصادية والعلوم التجارية وعلوم التسيير مكتبة كلية العلوم الإقتصادية والعلوم التجارية وعلوم التسيير 07/05/2026 الطابق الأرضي 17120   أ/3669ن1 17120 07/05/2026 07/05/2026 كتب
    Dewey Decimal Classification   Available مكتبة كلية العلوم الإقتصادية والعلوم التجارية وعلوم التسيير مكتبة كلية العلوم الإقتصادية والعلوم التجارية وعلوم التسيير 07/05/2026 مكتبة بن عكنون 17129   أ/3669ن10 17129 07/05/2026 07/05/2026 كتب
    Dewey Decimal Classification   Available مكتبة كلية العلوم الإقتصادية والعلوم التجارية وعلوم التسيير مكتبة كلية العلوم الإقتصادية والعلوم التجارية وعلوم التسيير 07/05/2026 الطابق الأرضي 17121   أ/3669ن2 17121 07/05/2026 07/05/2026 كتب
    Dewey Decimal Classification   Available مكتبة كلية العلوم الإقتصادية والعلوم التجارية وعلوم التسيير مكتبة كلية العلوم الإقتصادية والعلوم التجارية وعلوم التسيير 07/05/2026 الطابق الأرضي 17122   أ/3669ن3 17122 07/05/2026 07/05/2026 كتب
    Dewey Decimal Classification   Available مكتبة كلية العلوم الإقتصادية والعلوم التجارية وعلوم التسيير مكتبة كلية العلوم الإقتصادية والعلوم التجارية وعلوم التسيير 07/05/2026 الطابق الأرضي 17123   أ/3669ن4 17123 07/05/2026 07/05/2026 كتب
    Dewey Decimal Classification   Available مكتبة كلية العلوم الإقتصادية والعلوم التجارية وعلوم التسيير مكتبة كلية العلوم الإقتصادية والعلوم التجارية وعلوم التسيير 07/05/2026 الطابق الأرضي 17124   أ/3669ن5 17124 07/05/2026 07/05/2026 كتب
    Dewey Decimal Classification   Available مكتبة كلية العلوم الإقتصادية والعلوم التجارية وعلوم التسيير مكتبة كلية العلوم الإقتصادية والعلوم التجارية وعلوم التسيير 07/05/2026 الطابق الثاني 17125   أ/3669ن6 17125 07/05/2026 07/05/2026 كتب
    Dewey Decimal Classification   Available مكتبة كلية العلوم الإقتصادية والعلوم التجارية وعلوم التسيير مكتبة كلية العلوم الإقتصادية والعلوم التجارية وعلوم التسيير 07/05/2026 الطابق الثاني 17126   أ/3669ن7 17126 07/05/2026 07/05/2026 كتب
    Dewey Decimal Classification   Available مكتبة كلية العلوم الإقتصادية والعلوم التجارية وعلوم التسيير مكتبة كلية العلوم الإقتصادية والعلوم التجارية وعلوم التسيير 07/05/2026 الطابق الثاني 17127   أ/3669ن8 17127 07/05/2026 07/05/2026 كتب
    Dewey Decimal Classification   Available مكتبة كلية العلوم الإقتصادية والعلوم التجارية وعلوم التسيير مكتبة كلية العلوم الإقتصادية والعلوم التجارية وعلوم التسيير 07/05/2026 مكتبة بن عكنون 17128   أ/3669ن9 17128 07/05/2026 07/05/2026 كتب

موارد الويب المفتوحة


© University of Algiers 3 All Rights Reserved
|
Implemented by LECHELAH Riad